00703nam a2200181 a 450000100100000000500170001000800410002702000150006804000250008308200130010810000290012124501070015026001590025730000170041650500300043350000370046370000210050000004125320201002034728.0130927s1993 sp 000 0 spa d a8400047907 aDO-SdBNPbspacBNPHU axxxbxxx1 aCunchillos, Jesús-Luis10aBanco de Datos Filológicos Semíticos Noroccidentales. /cJesús-Luis Cunchillos, Juan-Pablo Vita. aMadrid, :bConsejo Superior de Investigaciones CientíficasbInstituto de FilologíabDepartamento de Filología Bíblica y de Oriente Antiguo,c1993. av. ;c25 cm.0 gv. 1tTextos ugaríticos aLa biblioteca posee el volumen 11 aVita, Juan-Pablo